<?xml version="1.0" encoding="UTF-8"?>
<record
    xmlns:xsi="http://www.w3.org/2001/XMLSchema-instance"
    xsi:schemaLocation="http://www.loc.gov/MARC21/slim http://www.loc.gov/standards/marcxml/schema/MARC21slim.xsd"
    xmlns="http://www.loc.gov/MARC21/slim">

  <leader>00685    a2200181   4500</leader>
  <controlfield tag="001">142471</controlfield>
  <datafield tag="040" ind1=" " ind2=" ">
    <subfield code="c">Leonardo Da Vinci</subfield>
  </datafield>
  <datafield tag="041" ind1=" " ind2=" ">
    <subfield code="a">Portugu&#xEA;s</subfield>
  </datafield>
  <datafield tag="082" ind1=" " ind2=" ">
    <subfield code="a">v213</subfield>
  </datafield>
  <datafield tag="100" ind1=" " ind2=" ">
    <subfield code="a">EDUCACIONAL SHOP VIDEO</subfield>
  </datafield>
  <datafield tag="245" ind1=" " ind2=" ">
    <subfield code="a">Fun&#xE7;&#xF5;es trigonom&#xE9;tricas 1</subfield>
    <subfield code="b">resolu&#xE7;&#xE3;o de tri&#xE2;ngulos</subfield>
  </datafield>
  <datafield tag="250" ind1=" " ind2=" ">
    <subfield code="a">v.1-2</subfield>
  </datafield>
  <datafield tag="260" ind1=" " ind2=" ">
    <subfield code="b">ESV</subfield>
    <subfield code="a">S&#xE3;o Paulo</subfield>
  </datafield>
  <datafield tag="490" ind1=" " ind2=" ">
    <subfield code="a">TV Ontario</subfield>
  </datafield>
  <datafield tag="520" ind1=" " ind2=" ">
    <subfield code="a">As fun&#xE7;&#xF5;es trigonom&#xE9;tricas s&#xE3;o ilustradas de uma forma clara e
din&#xE2;mica que faz o uso das vantagens da programa&#xE7;&#xE3;o computadorizada</subfield>
  </datafield>
  <datafield tag="697" ind1=" " ind2=" ">
    <subfield code="a">Desenho Geom&#xE9;trico</subfield>
    <subfield code="a">Fun&#xE7;&#xE3;o Trigonom&#xE9;trica</subfield>
    <subfield code="a">Trigonometria</subfield>
    <subfield code="a">Tri&#xE2;ngulo</subfield>
    <subfield code="a">Raz&#xE3;o Trigonom&#xE9;trica</subfield>
    <subfield code="a">Tri&#xE2;ngulo</subfield>
    <subfield code="a">Ret&#xE2;ngulo</subfield>
    <subfield code="a">&#xC2;ngulo</subfield>
    <subfield code="a">Seno</subfield>
    <subfield code="a">Co-seno</subfield>
  </datafield>
  <datafield tag="942" ind1=" " ind2=" ">
    <subfield code="c">VM</subfield>
  </datafield>
  <datafield tag="952" ind1=" " ind2=" ">
    <subfield code="0">0</subfield>
    <subfield code="1">0</subfield>
    <subfield code="4">0</subfield>
    <subfield code="7">0</subfield>
    <subfield code="a">72.1</subfield>
    <subfield code="b">72.1</subfield>
    <subfield code="d">2024-03-27</subfield>
    <subfield code="l">0</subfield>
    <subfield code="o">v213</subfield>
    <subfield code="p">A0235LVA</subfield>
    <subfield code="r">2024-03-27 22:46:58</subfield>
    <subfield code="w">2024-03-27</subfield>
    <subfield code="y">VM</subfield>
  </datafield>
  <datafield tag="999" ind1=" " ind2=" ">
    <subfield code="c">142471</subfield>
    <subfield code="d">142471</subfield>
  </datafield>
</record>
